000 00924nam a22002657a 4500
001 7676
003 FISKH
005 20250808151200.0
008 250730b cb ||||| |||| 00| 0 eng d
020 _a9780811832946
040 _aFISKH
_beng
_cFISKH
_dFISKH
050 _aPZ7.C59016 M
082 _a843.914
100 _aClement, Frederic
245 _aThe merchant of marvels and the peddler of dreams /
_cBy Frederic Clement
250 _aThis edition published in 2001
260 _aSan Francisco :
_bChronicle Books ,
_c1995.
300 _a61 pages :
_billustrations ;
_c23 cm .
520 _aFrederick the peddler of dreams searches for the perfect gift for his friend Alice, the merchant of marvels, and finally finds the best thing that he could ever give her.
650 _aCollage
_vFiction
650 _aArt book
_vFiction
700 _aRad, Azi
_eCover Designer
942 _2ddc
_cBK
_n0
999 _c7676
_d7676